000 00402nam a2200133Ia 4500
008 100328s9999 xx 000 0 und d
082 _b7191
100 _aकाळे विमल
245 _aभूमीला मार
260 _bकाकोडकर ग्रंथ भांडार
630 _aभूमीला मार
730 _aभूमीला मार
942 _cBOOK
999 _c503036
_d503033